[Event "EU-ch Amateur Online Final 1700/2000"]
[Site "Tornelo INT"]
[Date "2021.04.25"]
[Round "4"]
[White "Furtak, Joanna"]
[Black "Sarakatsanis, Ioannis Athanasios"]
[Result "1-0"]
[WhiteElo "1892"]
[BlackElo "1632"]
[PlyCount "87"]
[EventDate "2021.04.25"]
[EventType "swiss (rapid)"]
[EventRounds "9"]
[EventCountry "NET"]
[SourceTitle "EXT 2023"]
[Source "ChessBase"]
[SourceDate "2022.10.05"]
[SourceVersion "1"]
[SourceVersionDate "2022.10.05"]
[SourceQuality "1"]

1. e4 e5 2. Nc3 Nf6 3. Bc4 Nc6 4. d3 Bc5 5. f4 d6 6. Nf3 Na5 7. f5 c6 8. Bg5 h6 9. Bh4 Qc7 10. a3 b5 11. Ba2 Bb6 12. h3 Nh7 13. Qd2 f6 14. Qe2 Ng5 15. Nd2 Rf8 16. Qh5+ Kd8 17. Bxg5 hxg5 18. h4 gxh4 19. Rxh4 Bd7 20. Rg4 Be8 21. Qh7 d5 22. Rxg7 Qd6 23. exd5 Rc8 24. dxc6 Bxc6 25. Be6 Rc7 26. Rxc7 Qxc7 27. Qxc7+ Kxc7 28. Nd5+ Bxd5 29. Bxd5 Kd6 30. Be4 Nc6 31. Bxc6 Kxc6 32. Ke2 Rg8 33. Kf3 Rg5 34. g4 Rg7 35. Rh1 Bd8 36. Ne4 Be7 37. Rh6 Rf7 38. g5 Kd7 39. Nxf6+ Kc8 40. Rh8+ Kb7 41. Rh7 Rxh7 42. Nxh7 b4 43. axb4 Bxb4 44. g6 1-0

[Event "EU-ch Amateur Online Final 1700/2000"]
[Site "Tornelo INT"]
[Date "2021.04.25"]
[Round "2"]
[White "Lehocz, Jozsef"]
[Black "Sarakatsanis, Ioannis Athanasios"]
[Result "0-1"]
[WhiteElo "1940"]
[BlackElo "1632"]
[PlyCount "146"]
[EventDate "2021.04.25"]
[EventType "swiss (rapid)"]
[EventRounds "9"]
[EventCountry "NET"]
[SourceTitle "EXT 2023"]
[Source "ChessBase"]
[SourceDate "2022.10.05"]
[SourceVersion "1"]
[SourceVersionDate "2022.10.05"]
[SourceQuality "1"]

1. e4 e5 2. f4 d5 3. exd5 e4 4. d3 Nf6 5. Nc3 Bf5 6. dxe4 Nxe4 7. Nxe4 Bxe4 8. c4 Bc5 9. Qe2 0-0 10. Nf3 Re8 11. Kd1 c6 12. Qd2 cxd5 13. b4 Be7 14. c5 a5 15. Bb2 Nc6 16. b5 Nb8 17. Rc1 Nd7 18. c6 bxc6 19. bxc6 Nc5 20. Qd4 Bf6 21. Ne5 Ne6 22. Qe3 Rb8 23. c7 Nxc7 24. Bd4 Rc8 25. Bd3 Bxd3 26. Qxd3 Ne6 27. Rxc8 Qxc8 28. g3 Nc5 29. Qc3 Ne4 30. Qxa5 Qh3 31. Qb5 Rd8 32. Qe2 Qc8 33. Qd3 Nc5 34. Qc3 Ne4 35. Qxc8 Rxc8 36. Re1 Ra8 37. Re2 h5 38. Rb2 Nd6 39. Ke2 Nc4 40. Rc2 Nxe5 41. Bxe5 Bxe5 42. fxe5 Re8 43. a4 Rxe5+ 44. Kd3 Re6 45. Kd4 Ra6 46. Ra2 Ra5 47. Kc3 Kf8 48. Kb4 Ra8 49. a5 Ke7 50. Kc5 Ke6 51. a6 Ke5 52. Re2+ Kf5 53. Kb6 d4 54. Kb7 Rd8 55. a7 d3 56. Rd2 Ke4 57. a8Q Rxa8 58. Kxa8 Ke3 59. Rd1 d2 60. Kb7 Ke2 61. Ra1 d1Q 62. Rxd1 Kxd1 63. Kc6 Ke2 64. Kd5 Kf3 65. Kd6 Kg4 66. Ke7 g5 67. Kxf7 h4 68. gxh4 gxh4 69. Kf6 Kh3 70. Kf5 Kxh2 71. Kf4 h3 72. Kf3 Kg1 73. Kg3 h2 0-1

[Event "EU-ch Amateur Online 1700/2000"]
[Site "Tornelo INT"]
[Date "2021.04.24"]
[Round "3"]
[White "Sarakatsanis, Ioannis Athanasios"]
[Black "Aydogdu, Selcan Ayberk"]
[Result "0-1"]
[WhiteElo "1632"]
[BlackElo "1921"]
[PlyCount "76"]
[EventDate "2021.04.24"]
[EventType "swiss (rapid)"]
[EventRounds "8"]
[EventCountry "NET"]
[SourceTitle "EXT 2023"]
[Source "ChessBase"]
[SourceDate "2022.10.05"]
[SourceVersion "1"]
[SourceVersionDate "2022.10.05"]
[SourceQuality "1"]

1. e4 e6 2. d4 d5 3. Nc3 Bb4 4. e5 c5 5. a3 Bxc3+ 6. bxc3 Ne7 7. f4 Qc7 8. Nf3 Nbc6 9. Be3 Qa5 10. Qd2 b6 11. g4 Ba6 12. Bxa6 Qxa6 13. Kf2 c4 14. Ng5 h6 15. Nf3 0-0-0 16. h4 h5 17. Ng5 Rdf8 18. Qe2 g6 19. Bd2 Qa4 20. Rhc1 hxg4 21. Ra2 Rxh4 22. Rg1 Nd8 23. Rxg4 Rfh8 24. Rxh4 Rxh4 25. Nf3 Rh5 26. Qf1 Nf5 27. Ke1 Ng3 28. Qg2 Qb5 29. Bc1 Qb1 30. Kd2 Ne4+ 31. Ke2 Qxc1 32. Ne1 Rh2 33. Kf3 Rxg2 34. Nxg2 Qb1 35. a4 Qxa2 36. a5 Qxc2 37. axb6 Qf2+ 38. Kg4 Qg3# 0-1

[Event "EU-ch Amateur Online 1700/2000"]
[Site "Tornelo INT"]
[Date "2021.04.24"]
[Round "5"]
[White "Sarakatsanis, Ioannis Athanasios"]
[Black "Furtak, Joanna"]
[Result "1-0"]
[WhiteElo "1632"]
[BlackElo "1892"]
[PlyCount "77"]
[EventDate "2021.04.24"]
[EventType "swiss (rapid)"]
[EventRounds "8"]
[EventCountry "NET"]
[SourceTitle "EXT 2023"]
[Source "ChessBase"]
[SourceDate "2022.10.05"]
[SourceVersion "1"]
[SourceVersionDate "2022.10.05"]
[SourceQuality "1"]

1. e4 c5 2. d4 cxd4 3. c3 dxc3 4. Nxc3 Nc6 5. Nf3 e6 6. Bc4 a6 7. 0-0 Nge7 8. h4 Ng6 9. h5 Nge5 10. Bb3 Nxf3+ 11. Qxf3 Nd4 12. Qg4 Nxb3 13. axb3 h6 14. Rd1 Qf6 15. Na4 Be7 16. Nb6 Rb8 17. Bf4 d6 18. Bxd6 Bxd6 19. Rxd6 Qxb2 20. Qd1 Qf6 21. e5 Qe7 22. Rc1 0-0 23. Rc4 f6 24. Qc2 fxe5 25. Qd2 e4 26. Rxe4 Qf7 27. Rc4 e5 28. Nd5 Be6 29. Rc7 Qxh5 30. Rxe6 Rbd8 31. Ree7 Qg6 32. Rxg7+ Qxg7 33. Rxg7+ Kxg7 34. Qd3 Rd6 35. Qg3+ Kh8 36. Ne3 Rfd8 37. Qxe5+ Kh7 38. Nf5 R6d7 39. Qf6 1-0

[Event "EU-ch Amateur Online Final 1400/1700"]
[Site "Tornelo INT"]
[Date "2021.04.18"]
[Round "3"]
[White "Gkoutzouki, Aikaterini Argyro"]
[Black "Sarakatsanis, Ioannis Athanasios"]
[Result "1/2-1/2"]
[WhiteElo "1386"]
[BlackElo "1632"]
[PlyCount "199"]
[EventDate "2021.04.18"]
[EventType "swiss (rapid)"]
[EventRounds "9"]
[EventCountry "NET"]
[SourceTitle "EXT 2023"]
[Source "ChessBase"]
[SourceDate "2022.10.05"]
[SourceVersion "1"]
[SourceVersionDate "2022.10.05"]
[SourceQuality "1"]

1. d4 c5 2. e3 Nf6 3. Nf3 g6 4. c4 d6 5. Nc3 Bg7 6. Be2 0-0 7. 0-0 Na6 8. a3 Nc7 9. d5 a6 10. e4 b5 11. cxb5 axb5 12. Nxb5 Ba6 13. Nxc7 Qxc7 14. Bxa6 Rxa6 15. Re1 Ng4 16. h3 Ne5 17. Nxe5 Bxe5 18. Qc2 Rb8 19. Rb1 Qa5 20. Bd2 Qa4 21. Qc1 Rb3 22. Bf4 Bd4 23. Be3 Rab6 24. Bxd4 Qxd4 25. Re2 c4 26. Qc2 c3 27. Rd1 Qc5 28. bxc3 Rxc3 29. Qd2 Qxa3 30. Qa2 Qxa2 31. Rxa2 Rb4 32. f3 Kg7 33. Rdd2 Rb7 34. Kf2 h5 35. Rdc2 Rxc2+ 36. Rxc2 Kf6 37. Kg3 Rb3 38. h4 Rd3 39. Rc7 Rd2 40. Rb7 Rc2 41. Ra7 Rc5 42. Rb7 Rc4 43. Ra7 Rc3 44. Rb7 Rd3 45. Ra7 Rd1 46. Rb7 Rd4 47. Rd7 Rb4 48. Rc7 Rb8 49. Rd7 Rc8 50. Rb7 Rf8 51. Rd7 Rg8 52. f4 Rh8 53. Rc7 Rg8 54. Rc3 Rf8 55. Re3 Rd8 56. Rc3 Rb8 57. Kf3 Rb4 58. Re3 Ra4 59. Kg3 e6 60. e5+ Ke7 61. exd6+ Kxd6 62. dxe6 fxe6 63. Kf3 Ke7 64. Rd3 Kf6 65. Re3 Ra5 66. Rd3 Ra6 67. Re3 Rb6 68. Rd3 Rc6 69. Re3 Rc4 70. Rd3 Rc6 71. Re3 Kf7 72. Rd3 Rc7 73. Re3 Re7 74. Re5 Kf6 75. Re3 Rd7 76. Rc3 Rd5 77. Re3 Kf5 78. Rc3 Rd4 79. Rc5+ Kf6 80. Rc3 Rd5 81. Re3 Rc5 82. Rd3 Rc4 83. Re3 Rc6 84. Rd3 e5 85. fxe5+ Kxe5 86. Re3+ Kf5 87. Rd3 Rc5 88. Rb3 Kf6 89. g3 Kf5 90. Ra3 Rb5 91. Rc3 Ra5 92. Rd3 Ke5 93. Rb3 Kf5 94. Rc3 Rd5 95. Rb3 Rd1 96. Rb5+ Kf6 97. Rb6+ Kf5 98. Rb5+ Kf6 99. Rb6+ Kf5 100. Rb5+ 1/2-1/2

[Event "EU-ch Amateur Online Final 1400/1700"]
[Site "Tornelo INT"]
[Date "2021.04.18"]
[Round "7"]
[White "Huseynova, Dinara"]
[Black "Sarakatsanis, Ioannis Athanasios"]
[Result "1/2-1/2"]
[WhiteElo "1222"]
[BlackElo "1632"]
[PlyCount "47"]
[EventDate "2021.04.18"]
[EventType "swiss (rapid)"]
[EventRounds "9"]
[EventCountry "NET"]
[SourceTitle "EXT 2023"]
[Source "ChessBase"]
[SourceDate "2022.10.05"]
[SourceVersion "1"]
[SourceVersionDate "2022.10.05"]
[SourceQuality "1"]

1. e4 e5 2. Nf3 Nf6 3. Nxe5 Nxe4 4. Qe2 Qe7 5. Qxe4 d6 6. d4 dxe5 7. Qxe5 Qxe5+ 8. dxe5 Nc6 9. Bf4 Bf5 10. c3 0-0-0 11. Nd2 Bc5 12. f3 Rhe8 13. Bb5 f6 14. Bxc6 bxc6 15. 0-0-0 fxe5 16. Bg3 Be3 17. Rhe1 Bf4 18. Bxf4 exf4 19. Rxe8 Rxe8 20. Nb3 c5 21. Nxc5 Re2 22. Rd2 Re1+ 23. Rd1 Re2 24. Rd2 1/2-1/2

[Event "EU-ch Amateur Online Final 1400/1700"]
[Site "Tornelo INT"]
[Date "2021.04.18"]
[Round "1"]
[White "Passariello, Andrea"]
[Black "Sarakatsanis, Ioannis Athanasios"]
[Result "0-1"]
[WhiteElo "1380"]
[BlackElo "1632"]
[PlyCount "106"]
[EventDate "2021.04.18"]
[EventType "swiss (rapid)"]
[EventRounds "9"]
[EventCountry "NET"]
[SourceTitle "EXT 2023"]
[Source "ChessBase"]
[SourceDate "2022.10.05"]
[SourceVersion "1"]
[SourceVersionDate "2022.10.05"]
[SourceQuality "1"]

1. b3 e6 2. Bb2 Nf6 3. e3 c5 4. c4 Be7 5. Nf3 0-0 6. Nc3 d5 7. cxd5 exd5 8. d4 Nc6 9. Be2 Be6 10. dxc5 Bxc5 11. 0-0 Ne4 12. Kh1 Rc8 13. Rc1 Be7 14. Bd3 f5 15. Nb5 Bf6 16. Bxf6 Qxf6 17. Nbd4 Ne5 18. Rxc8 Rxc8 19. Nxe5 Qxe5 20. Bxe4 dxe4 21. Qd2 Bd7 22. Rc1 Rc5 23. h3 Qc7 24. Rxc5 Qxc5 25. b4 Qd5 26. a3 Kf7 27. Qc3 Bc6 28. Kg1 a6 29. Qc5 Qxc5 30. bxc5 Kf6 31. g3 Ke5 32. Kf1 g6 33. Ke2 Kd5 34. Nb3 Kc4 35. Na5+ Kxc5 36. Kd2 Bd5 37. Kc3 Kb6 38. Nc4+ Bxc4 39. Kxc4 Kc6 40. a4 b5+ 41. axb5+ axb5+ 42. Kb4 Kb6 43. Kb3 Kc5 44. h4 h5 45. Kc3 b4+ 46. Kb3 Kb5 47. Kb2 Kc4 48. Kc2 b3+ 49. Kb2 Kb4 50. Kb1 Kc3 51. Kc1 Kd3 52. Kd1 b2 53. Ke1 b1Q# 0-1

[Event "EU-ch Amateur Online Final 1400/1700"]
[Site "Tornelo INT"]
[Date "2021.04.18"]
[Round "8"]
[White "Sarakatsanis, Ioannis Athanasios"]
[Black "Athanasiou, Soumela"]
[Result "1-0"]
[WhiteElo "1632"]
[BlackElo "1340"]
[PlyCount "119"]
[EventDate "2021.04.18"]
[EventType "swiss (rapid)"]
[EventRounds "9"]
[EventCountry "NET"]
[SourceTitle "EXT 2023"]
[Source "ChessBase"]
[SourceDate "2022.10.05"]
[SourceVersion "1"]
[SourceVersionDate "2022.10.05"]
[SourceQuality "1"]

1. e4 c6 2. d4 d5 3. exd5 cxd5 4. Nc3 Nf6 5. Bf4 Nc6 6. Nb5 Qa5+ 7. c3 e5 8. Bxe5 Nxe5 9. dxe5 Nd7 10. Qxd5 Qd8 11. Nd6+ Bxd6 12. Qxd6 Qe7 13. Qxe7+ Kxe7 14. Nf3 b6 15. 0-0-0 Bb7 16. Re1 Rhe8 17. Bb5 a6 18. Bxd7 Kxd7 19. Re3 Re7 20. Rd1+ Kc7 21. Rde1 Rae8 22. b3 h6 23. h4 Re6 24. Nd4 Rg6 25. g3 Bc8 26. f4 b5 27. Kb2 Rb6 28. f5 a5 29. g4 a4 30. g5 hxg5 31. hxg5 axb3 32. axb3 b4 33. c4 Bb7 34. e6 f6 35. gxf6 gxf6 36. Nb5+ Kd8 37. Rd3+ Ke7 38. Rd7+ Kf8 39. Rf7+ Kg8 40. Rxf6 Kg7 41. Rg6+ Kf8 42. Reg1 Ke7 43. Rg7+ Kf6 44. Rf7+ Ke5 45. Re1+ Kf4 46. Nd4 Rd6 47. Ne2+ Kf3 48. Rxb7 Kf2 49. Rc1 Kxe2 50. Rxb4 Ke3 51. c5 Rd2+ 52. Rc2 Rd5 53. c6 Rxf5 54. c7 Rc8 55. Rb8 Rff8 56. Rxc8 Rxc8 57. e7 Kd4 58. e8R Rxe8 59. c8Q Rxc8 60. Rxc8 1-0

[Event "FIDE World Uni Rapid-E 1st"]
[Site "Tornelo INT"]
[Date "2021.03.21"]
[Round "7"]
[White "Sarakatsanis, Ioannis Athanasios"]
[Black "Portelli, Timothy"]
[Result "1-0"]
[WhiteElo "1632"]
[BlackElo "1529"]
[PlyCount "89"]
[EventDate "2021.03.20"]
[EventType "swiss (rapid)"]
[EventRounds "12"]
[EventCountry "NET"]
[SourceTitle "EXT 2022"]
[Source "ChessBase"]
[SourceDate "2021.10.06"]
[SourceVersion "1"]
[SourceVersionDate "2021.10.06"]
[SourceQuality "1"]

1. e4 e6 2. d4 d5 3. Nc3 dxe4 4. Nxe4 Nf6 5. Bg5 Be7 6. Nxf6+ Bxf6 7. Be3 Nc6 8. Nf3 0-0 9. Bd3 b6 10. Qd2 Bb7 11. c3 Ne7 12. Qc2 Ng6 13. Be4 Bxe4 14. Qxe4 Re8 15. 0-0 e5 16. Qg4 e4 17. Ng5 Qd5 18. g3 a5 19. h4 h6 20. Nh3 Re6 21. h5 Ne7 22. Nf4 Qb5 23. Nxe6 fxe6 24. Qxe6+ Kh8 25. Qxe4 Re8 26. b3 Qxh5 27. Qg2 Nf5 28. Rfe1 Rf8 29. Bf4 Rf7 30. Be5 Bxe5 31. Rxe5 Qg6 32. Rae1 h5 33. Qe4 Qg5 34. Kg2 g6 35. Re8+ Kh7 36. Qe5 Rg7 37. Rh1 c5 38. Rb8 cxd4 39. cxd4 h4 40. Qe8 Kh6 41. Qh8+ Rh7 42. Qf8+ Rg7 43. Rb7 b5 44. Rxg7 Nxg7 45. Rxh4+ 1-0